[Event "Mitropa Cup 33rd"]
[Site "Ruzomberok"]
[Date "2014.05.27"]
[Round "5.1"]
[White "Demuth, Adrien"]
[Black "Ruck, Robert"]
[Result "1/2-1/2"]
[WhiteElo "2476"]
[BlackElo "2572"]
[PlyCount "166"]
[EventDate "2014.05.23"]
[EventType "team-tourn"]
[EventRounds "9"]
[EventCountry "SVK"]
[Source "ChessBase"]
[SourceDate "2014.07.01"]
[WhiteTeam "France"]
[BlackTeam "Hungary"]
[WhiteTeamCountry "FRA"]
[BlackTeamCountry "HUN"]

1. d4 Nf6 2. c4 e6 3. Nc3 Bb4 4. e3 O-O 5. Nf3 c5 6. Bd3 d5 7. O-O cxd4 8. exd4
dxc4 9. Bxc4 b6 10. Qe2 Bb7 11. Rd1 Bxc3 12. bxc3 Nd5 13. Bd2 Qc7 14. Rac1 Nf4
15. Bxf4 Qxf4 16. Ne5 Nc6 17. g3 Qh6 18. Nxc6 Bxc6 19. Bb5 Rac8 20. Bxc6 Rxc6
21. c4 Rfc8 22. Rc2 Qf6 23. Qd3 g6 24. Qe2 h5 25. h4 Qf5 26. Rdc1 Rd8 27. Rd2
Qa5 28. Qe3 Qb4 29. Qd3 Rcd6 30. Qe3 Qa4 31. Rc3 Qd7 32. Rcd3 Qa4 33. Rc3 b5
34. cxb5 Qxb5 35. Ra3 a6 36. Qe2 Rxd4 37. Qxb5 axb5 38. Rb2 R8d5 39. Rab3 Ra4
40. Kg2 Kg7 41. Rxb5 Rxb5 42. Rxb5 Rxa2 43. Rb7 Kf6 44. Rb6 Kf5 45. Rb7 f6 46.
Rb5+ e5 47. Rc5 Rd2 48. Ra5 Ke6 49. Ra6+ Rd6 50. Ra8 Rd5 51. Re8+ Kf5 52. Re7
Rd6 53. Re8 Ke4 54. Ra8 f5 55. Ra3 Kd5 56. Rd3+ Ke6 57. Ra3 e4 58. Ra8 Rd2 59.
Re8+ Kf7 60. Re5 Ra2 61. Kf1 Ra8 62. Kg2 Re8 63. Ra5 Kf6 64. Ra6+ Re6 65. Ra5
g5 66. hxg5+ Kxg5 67. Ra4 Rb6 68. Ra8 Rg6 69. Rh8 f4 70. gxf4+ Kxf4+ 71. Kf1
Rg5 72. Ke2 Rf5 73. Rh7 Kg4 74. Ke3 Rf3+ 75. Ke2 h4 76. Re7 Rf4 77. Ke3 Rf3+
78. Ke2 h3 79. Rxe4+ Rf4 80. Rxf4+ Kxf4 81. Kf1 Kf3 82. Kg1 h2+ 83. Kxh2 Kxf2
1/2-1/2

[Event "Mitropa Cup 33rd"]
[Site "Ruzomberok"]
[Date "2014.05.23"]
[Round "1.2"]
[White "Ruck, Robert"]
[Black "Gallagher, Joseph G"]
[Result "0-1"]
[WhiteElo "2572"]
[BlackElo "2472"]
[PlyCount "166"]
[EventDate "2014.05.23"]
[EventType "team-tourn"]
[EventRounds "9"]
[EventCountry "SVK"]
[Source "ChessBase"]
[SourceDate "2014.07.01"]
[WhiteTeam "Hungary"]
[BlackTeam "Switzerland"]
[WhiteTeamCountry "HUN"]
[BlackTeamCountry "SUI"]

1. Nf3 c5 2. c4 Nc6 3. Nc3 g6 4. e3 Nf6 5. d4 cxd4 6. exd4 d5 7. Bg5 Be6 8.
Bxf6 exf6 9. cxd5 Bxd5 10. Bb5 Bb4 11. O-O O-O 12. Nxd5 Qxd5 13. Qa4 Bd6 14.
Bxc6 bxc6 15. Rac1 Rfc8 16. Rc2 Rab8 17. b3 a5 18. Qc4 Qf5 19. Rfc1 Kg7 20. Qe2
Re8 21. Qc4 Rec8 22. Rc3 Bb4 23. Re3 Bd6 24. Rec3 Bb4 25. Re3 Bd6 26. g3 Rb5
27. Qc2 Qh3 28. Qe2 Qd7 29. Rec3 Re8 30. Qd3 Ba3 31. R1c2 Rf5 32. Kg2 Re6 33.
Re2 Rd6 34. Qe4 Re6 35. Qd3 Bb4 36. Rcc2 Qd5 37. Rxe6 fxe6 38. Re2 c5 39. Qe4
Kf7 40. Re3 Qxe4 41. Rxe4 Rd5 42. Kf1 Ke7 43. Ke2 Kd6 44. dxc5+ Rxc5 45. Rd4+
Kc6 46. Kd1 e5 47. Rd8 Kc7 48. Rh8 Rd5+ 49. Ke2 Rd7 50. Re8 Rd5 51. Re6 Kd7 52.
Rxf6 e4 53. Nh4 Rd2+ 54. Ke3 Rxa2 55. Kxe4 Ke7 56. Rf3 Bc5 57. Rc3 Bd6 58. Ke3
Rb2 59. Nf3 Bb4 60. Rd3 Bc5+ 61. Ke4 Rxf2 62. h4 Rg2 63. Ng5 Bd6 64. Nxh7 Rxg3
65. Rxg3 Bxg3 66. h5 gxh5 67. Ng5 Kf6 68. Nh3 h4 69. Ng1 Kg5 70. Kf3 Kf5 71.
Ne2 Be5 72. Nc1 Bb2 73. Nd3 Bd4 74. Nf4 Bc5 75. Nd3 Ba3 76. Nf4 Ke5 77. Ng6+
Kd4 78. Nxh4 Kc3 79. Nf5 Bc5 80. Ke2 Kxb3 81. Kd1 a4 82. Ng3 a3 83. Ne2 Be3 0-1

[Event "Mitropa Cup 33rd"]
[Site "Ruzomberok"]
[Date "2014.05.28"]
[Round "6.1"]
[White "Shengelia, Davit"]
[Black "Demuth, Adrien"]
[Result "1-0"]
[WhiteElo "2562"]
[BlackElo "2476"]
[PlyCount "99"]
[EventDate "2014.05.23"]
[EventType "team-tourn"]
[EventRounds "9"]
[EventCountry "SVK"]
[Source "ChessBase"]
[SourceDate "2014.07.01"]
[WhiteTeam "Austria"]
[BlackTeam "France"]
[WhiteTeamCountry "AUT"]
[BlackTeamCountry "FRA"]

1. Nf3 d5 2. g3 Nf6 3. Bg2 c6 4. O-O Bg4 5. d3 Nbd7 6. c4 e6 7. cxd5 exd5 8.
Nc3 Bc5 9. Qb3 Qb6 10. Qc2 Bxf3 11. Bxf3 Bd4 12. e3 Be5 13. e4 dxe4 14. dxe4
O-O 15. Be3 Qa5 16. Bg2 Rfe8 17. Rae1 Nc5 18. Ne2 Bd6 19. f3 Rad8 20. Rc1 Ne6
21. Kh1 Be5 22. Nc3 Bd4 23. Bxd4 Nxd4 24. Qf2 Nb5 25. Nxb5 Qxb5 26. Rfd1 h5 27.
b3 a6 28. Rd2 Qa5 29. Rcd1 Rxd2 30. Qxd2 Qxd2 31. Rxd2 Kf8 32. Kg1 g5 33. Kf2
g4 34. Ke3 gxf3 35. Bxf3 Nd5+ 36. Kd4 Nf6 37. e5 Rd8+ 38. Ke3 Rxd2 39. Kxd2 Nd7
40. e6 fxe6 41. Bxh5 Ke7 42. Ke3 Nf6 43. Bf3 Nd5+ 44. Kd4 Kf6 45. Bxd5 cxd5 46.
h4 a5 47. g4 Kg7 48. Ke5 Kh6 49. Kf6 Kh7 50. Kf7 1-0

[Event "Mitropa Cup 33rd"]
[Site "Ruzomberok"]
[Date "2014.05.26"]
[Round "4.3"]
[White "Gallagher, Joseph G"]
[Black "Michalik, Peter"]
[Result "0-1"]
[WhiteElo "2472"]
[BlackElo "2562"]
[PlyCount "82"]
[EventDate "2014.05.23"]
[EventType "team-tourn"]
[EventRounds "9"]
[EventCountry "SVK"]
[Source "ChessBase"]
[SourceDate "2014.07.01"]
[WhiteTeam "Switzerland"]
[BlackTeam "Slovakia"]
[WhiteTeamCountry "SUI"]
[BlackTeamCountry "SVK"]

1. e4 e5 2. Nf3 Nc6 3. Bc4 Bc5 4. c3 Nf6 5. d4 exd4 6. cxd4 Bb4+ 7. Nbd2 d5 8.
exd5 Nxd5 9. O-O O-O 10. a3 Bxd2 11. Bxd2 Bg4 12. h3 Bh5 13. Ba2 Qd6 14. Rc1
Rad8 15. Re1 Nxd4 16. g4 Nf4 17. Bxf4 Qxf4 18. Nxd4 Rxd4 19. Qb3 Bg6 20. Qxb7
c5 21. Rxc5 Be4 22. Qb3 h5 23. Qe3 Qf6 24. Rxh5 Rb8 25. b4 Rbd8 26. g5 Qf3 27.
Bxf7+ Kxf7 28. g6+ Kxg6 29. Qxf3 Bxf3 30. Ra5 Rh8 31. Re6+ Kf7 32. Re3 Rd1+ 33.
Kh2 Rh1+ 34. Kg3 R1xh3+ 35. Kf4 R8h4+ 36. Ke5 Rh5+ 37. Kd6 Rxa5 38. bxa5 Rh6+
39. Kc7 Rf6 40. Kb8 a6 41. Ka7 g5 0-1

[Event "Mitropa Cup 33rd"]
[Site "Ruzomberok"]
[Date "2014.05.23"]
[Round "1.4"]
[White "Demuth, Adrien"]
[Black "Zilka, Stepan"]
[Result "1/2-1/2"]
[WhiteElo "2476"]
[BlackElo "2549"]
[PlyCount "90"]
[EventDate "2014.05.23"]
[EventType "team-tourn"]
[EventRounds "9"]
[EventCountry "SVK"]
[Source "ChessBase"]
[SourceDate "2014.07.01"]
[WhiteTeam "France"]
[BlackTeam "Czech Republic"]
[WhiteTeamCountry "FRA"]
[BlackTeamCountry "CZE"]

1. Nf3 d5 2. c4 e6 3. g3 Nf6 4. Bg2 Be7 5. O-O O-O 6. b3 d4 7. e3 c5 8. Bb2 Nc6
9. exd4 cxd4 10. Re1 d3 11. Nc3 Nd7 12. a3 a5 13. Qb1 Nc5 14. b4 Nb3 15. Ra2
Ncd4 16. Nxd4 Nxd4 17. Qxd3 Nb3 18. Qe3 axb4 19. axb4 Bg5 20. f4 Bf6 21. Rxa8
Bd4 22. Ne4 Bxe3+ 23. Rxe3 f5 24. Nf2 Nxd2 25. Rd3 Qb6 26. Rxd2 Qxb4 27. Ba3
Qxd2 28. Bxf8 Qd7 29. Bb4 h6 30. Bc3 Kh7 31. Be5 g5 32. c5 Kg6 33. Bd6 Kh5 34.
Bf3+ g4 35. Bg2 b6 36. h3 bxc5 37. hxg4+ fxg4 38. Bxc5 Bb7 39. Ra7 Qb5 40. Rxb7
Qxc5 41. Bf1 Qe3 42. Rg7 Qxg3+ 43. Bg2 Qxf4 44. Rxg4 Qxf2+ 45. Kxf2 Kxg4
1/2-1/2

[Event "Mitropa Cup 33rd"]
[Site "Ruzomberok"]
[Date "2014.05.28"]
[Round "6.3"]
[White "Hera, Imre Jr"]
[Black "Jurcik, Marian"]
[Result "1-0"]
[WhiteElo "2559"]
[BlackElo "2469"]
[PlyCount "93"]
[EventDate "2014.05.23"]
[EventType "team-tourn"]
[EventRounds "9"]
[EventCountry "SVK"]
[Source "ChessBase"]
[SourceDate "2014.07.01"]
[WhiteTeam "Hungary"]
[BlackTeam "Slovakia"]
[WhiteTeamCountry "HUN"]
[BlackTeamCountry "SVK"]

1. c4 Nf6 2. Nf3 b6 3. g3 Bb7 4. d4 c5 5. d5 b5 6. Bg2 bxc4 7. Nc3 d6 8. Nd2 g6
9. Nxc4 Bg7 10. Qa4+ Qd7 11. Qc2 Qc7 12. O-O O-O 13. b3 Nbd7 14. Bb2 Ba6 15. a4
Rab8 16. Na3 Qb7 17. Ncb5 Bxb5 18. axb5 a6 19. bxa6 Qxb3 20. a7 Qxc2 21. axb8=Q
Rxb8 22. Nxc2 Rxb2 23. Ra8+ Bf8 24. Rc1 h5 25. f4 Kh7 26. Bf3 Rb6 27. Na3 Rb3
28. Nc4 Rxf3 29. exf3 Nxd5 30. Rd8 N5f6 31. Rb1 Bg7 32. Rb7 d5 33. Ne5 Nf8 34.
Rxe7 Ne6 35. Rc8 c4 36. Nxf7 Nd4 37. Ng5+ Kh6 38. g4 c3 39. Nf7+ Kh7 40. Ng5+
Kh6 41. Rcc7 c2 42. Kg2 c1=Q 43. Rxc1 hxg4 44. fxg4 Nxg4 45. Nf7+ Kh7 46. Nd6
Kh6 47. Rcc7 1-0

[Event "Mitropa Cup 33rd"]
[Site "Ruzomberok"]
[Date "2014.05.28"]
[Round "6.1"]
[White "Gallagher, Joseph G"]
[Black "Zilka, Stepan"]
[Result "1/2-1/2"]
[WhiteElo "2472"]
[BlackElo "2549"]
[PlyCount "60"]
[EventDate "2014.05.23"]
[EventType "team-tourn"]
[EventRounds "9"]
[EventCountry "SVK"]
[Source "ChessBase"]
[SourceDate "2014.07.01"]
[WhiteTeam "Switzerland"]
[BlackTeam "Czech Republic"]
[WhiteTeamCountry "SUI"]
[BlackTeamCountry "CZE"]

1. e4 e5 2. Nf3 Nc6 3. Bc4 Bc5 4. c3 Nf6 5. d4 exd4 6. cxd4 Bb4+ 7. Nbd2 Nxe4
8. d5 Ne7 9. O-O Bxd2 10. Nxd2 Nxd2 11. Bxd2 d6 12. Re1 O-O 13. Qh5 Bd7 14. Bd3
Ng6 15. Re4 Re8 16. Bg5 f6 17. Rh4 Nxh4 18. Qxh7+ Kf8 19. Bxh4 Qe7 20. Qh8+ Kf7
21. Qh5+ Kg8 22. Qh7+ Kf8 23. Qh8+ Kf7 24. Qh5+ Kg8 25. Qh7+ Kf8 26. Qh8+ Kf7
27. Qh5+ Kg8 28. Qh7+ Kf8 29. Qh8+ Kf7 30. Qh5+ Kg8 1/2-1/2

[Event "Mitropa Cup 33rd"]
[Site "Ruzomberok"]
[Date "2014.05.26"]
[Round "4.5"]
[White "Hera, Imre Jr"]
[Black "Diermair, Andreas"]
[Result "1/2-1/2"]
[WhiteElo "2559"]
[BlackElo "2451"]
[PlyCount "62"]
[EventDate "2014.05.23"]
[EventType "team-tourn"]
[EventRounds "9"]
[EventCountry "SVK"]
[Source "ChessBase"]
[SourceDate "2014.07.01"]
[WhiteTeam "Hungary"]
[BlackTeam "Austria"]
[WhiteTeamCountry "HUN"]
[BlackTeamCountry "AUT"]

1. b3 d5 2. Bb2 Nf6 3. e3 c5 4. f4 g6 5. Nf3 Bg7 6. g3 O-O 7. Bg2 Nc6 8. O-O d4
9. Na3 Be6 10. Qe1 Bd5 11. Rd1 Qb6 12. h3 Rad8 13. g4 e5 14. fxe5 Nd7 15. e6
Bxe6 16. Ng5 Nde5 17. Nxe6 fxe6 18. Qe2 Nb4 19. exd4 cxd4 20. Qb5 Qxb5 21. Nxb5
Nxc2 22. Rxf8+ Rxf8 23. Nxd4 Nxd4 24. Bxd4 Nf3+ 25. Bxf3 Bxd4+ 26. Kg2 b6 27.
Re1 e5 28. Rc1 Bc5 29. Re1 Bd4 30. Rc1 Bc5 31. Re1 Bd4 1/2-1/2

[Event "Mitropa Cup 33rd"]
[Site "Ruzomberok"]
[Date "2014.05.26"]
[Round "4.3"]
[White "Petrik, Tomas"]
[Black "Hug, Werner"]
[Result "1/2-1/2"]
[WhiteElo "2511"]
[BlackElo "2474"]
[PlyCount "62"]
[EventDate "2014.05.23"]
[EventType "team-tourn"]
[EventRounds "9"]
[EventCountry "SVK"]
[Source "ChessBase"]
[SourceDate "2014.07.01"]
[WhiteTeam "Slovakia"]
[BlackTeam "Switzerland"]
[WhiteTeamCountry "SVK"]
[BlackTeamCountry "SUI"]

1. e4 e6 2. d4 d5 3. Nd2 c5 4. exd5 Qxd5 5. Ngf3 cxd4 6. Bc4 Qd6 7. O-O Nf6 8.
Nb3 Nc6 9. Nbxd4 Nxd4 10. Nxd4 Bd7 11. b3 O-O-O 12. Bb2 Qf4 13. Qf3 Bd6 14.
Qxf4 Bxf4 15. Rad1 a6 16. Nf3 Bc6 17. Ne5 Bxe5 18. Bxe5 Nd5 19. Rfe1 f6 20. Bb2
e5 21. Bf1 Kc7 22. a3 g5 23. f3 h5 24. Kf2 h4 25. Rd2 Nf4 26. Red1 Rxd2+ 27.
Rxd2 Rh7 28. c4 Rd7 29. Rxd7+ Kxd7 30. Ke3 Ke6 31. Bc3 f5 1/2-1/2

[Event "Mitropa Cup 33rd"]
[Site "Ruzomberok"]
[Date "2014.05.27"]
[Round "5.2"]
[White "Acs, Peter"]
[Black "Brunner, Nicolas"]
[Result "1-0"]
[WhiteElo "2572"]
[BlackElo "2441"]
[PlyCount "107"]
[EventDate "2014.05.23"]
[EventType "team-tourn"]
[EventRounds "9"]
[EventCountry "SVK"]
[Source "ChessBase"]
[SourceDate "2014.07.01"]
[WhiteTeam "Hungary"]
[BlackTeam "France"]
[WhiteTeamCountry "HUN"]
[BlackTeamCountry "FRA"]

1. e4 c5 2. Nf3 d6 3. d4 cxd4 4. Nxd4 Nf6 5. Nc3 a6 6. g3 e5 7. Nb3 Be7 8. Bg2
b5 9. O-O Nbd7 10. Be3 O-O 11. a4 b4 12. Nd5 a5 13. c4 bxc3 14. Nxc3 Ba6 15.
Re1 Rb8 16. Nb5 Bxb5 17. axb5 Rxb5 18. Qd3 Qb8 19. Nxa5 Nc5 20. Bxc5 Rxc5 21.
b3 Rfc8 22. Nc4 Rb5 23. Nd2 Nd7 24. Bf1 Rb4 25. Qe3 Bd8 26. Bc4 Bb6 27. Qf3 Nf6
28. Nf1 Bd4 29. Ra2 Rf8 30. Ne3 Bxe3 31. Qxe3 Nd7 32. Rea1 Nb6 33. Bf1 d5 34.
exd5 Nxd5 35. Qc5 Rd4 36. Bg2 Qb4 37. Ra5 Nc3 38. Qxe5 Qxb3 39. Bf3 Qb4 40. Ra8
Rdd8 41. Rxd8 Rxd8 42. Ra7 h6 43. Kg2 Qd4 44. Qc7 Rf8 45. Qb7 Nd1 46. Ra2 Nc3
47. Rb2 Rd8 48. Rb4 Qd7 49. Qa6 Qd2 50. Qb6 Qd6 51. Qa5 Qd2 52. Qa7 Nd1 53. Rb8
Nc3 54. Qe3 1-0

[Event "Mitropa Cup 33rd"]
[Site "Ruzomberok"]
[Date "2014.05.30"]
[Round "8.2"]
[White "Michalik, Peter"]
[Black "Brunner, Nicolas"]
[Result "1-0"]
[WhiteElo "2562"]
[BlackElo "2441"]
[PlyCount "71"]
[EventDate "2014.05.23"]
[EventType "team-tourn"]
[EventRounds "9"]
[EventCountry "SVK"]
[Source "ChessBase"]
[SourceDate "2014.07.01"]
[WhiteTeam "Slovakia"]
[BlackTeam "France"]
[WhiteTeamCountry "SVK"]
[BlackTeamCountry "FRA"]

1. e4 c5 2. Nf3 d6 3. Bb5+ Bd7 4. Bxd7+ Qxd7 5. O-O Nf6 6. Re1 Nc6 7. c3 e6 8.
d4 cxd4 9. cxd4 d5 10. e5 Ne4 11. Nbd2 Nxd2 12. Bxd2 Be7 13. Rc1 O-O 14. Rc3
Rac8 15. a3 b5 16. Rd3 f5 17. exf6 Rxf6 18. Qe2 Bf8 19. Rc3 a6 20. Bg5 Rg6 21.
h4 Bd6 22. Rec1 Bb8 23. h5 Rxg5 24. Nxg5 Bf4 25. Qc2 Bxg5 26. Rxc6 Rf8 27. Rd1
Qe8 28. Re1 Bh4 29. g3 Bf6 30. Rexe6 Qxh5 31. Rc8 Bd8 32. Rd6 Qg5 33. Qe2 h6
34. Qe6+ Kh8 35. Rxd5 Qd2 36. Qe3 1-0

[Event "Mitropa Cup 33rd"]
[Site "Ruzomberok"]
[Date "2014.05.23"]
[Round "1.3"]
[White "Kreisl, Robert"]
[Black "Baramidze, David"]
[Result "1/2-1/2"]
[WhiteElo "2415"]
[BlackElo "2610"]
[PlyCount "87"]
[EventDate "2014.05.23"]
[EventType "team-tourn"]
[EventRounds "9"]
[EventCountry "SVK"]
[Source "ChessBase"]
[SourceDate "2014.07.01"]
[WhiteTeam "Austria"]
[BlackTeam "Germany"]
[WhiteTeamCountry "AUT"]
[BlackTeamCountry "GER"]

1. d4 d5 2. c4 e6 3. Nf3 Nf6 4. g3 Bb4+ 5. Bd2 Be7 6. Bg2 O-O 7. O-O Nbd7 8.
Qc2 c6 9. Rd1 b6 10. b3 Ba6 11. a4 Rc8 12. a5 c5 13. axb6 Qxb6 14. Qa2 Bb7 15.
Ba5 Qa6 16. dxc5 Nxc5 17. Nbd2 dxc4 18. bxc4 Bd8 19. Bxd8 Qxa2 20. Rxa2 Rfxd8
21. Rc1 a5 22. Ne5 Bxg2 23. Kxg2 a4 24. Nb1 Nfe4 25. Nc3 Rd2 26. Rxd2 Nxd2 27.
Ra1 f6 28. Nd3 Nxc4 29. Nxc5 Rxc5 30. Nxa4 Rc6 31. Rb1 Kf7 32. Rb7+ Kg6 33. Nb2
Nd6 34. Rd7 e5 35. Nd3 Nb5 36. Rd5 Rb6 37. f4 Nc3 38. Rc5 Ne4 39. Rd5 exf4 40.
Nxf4+ Kf7 41. Rd7+ Kg8 42. Rd8+ Kf7 43. Rd7+ Kg8 44. Rd8+ 1/2-1/2

[Event "Mitropa Cup 33rd"]
[Site "Ruzomberok"]
[Date "2014.05.29"]
[Round "7.3"]
[White "Svane, Rasmus"]
[Black "Hug, Werner"]
[Result "1/2-1/2"]
[WhiteElo "2490"]
[BlackElo "2474"]
[PlyCount "64"]
[EventDate "2014.05.23"]
[EventType "team-tourn"]
[EventRounds "9"]
[EventCountry "SVK"]
[Source "ChessBase"]
[SourceDate "2014.07.01"]
[WhiteTeam "Germany"]
[BlackTeam "Switzerland"]
[WhiteTeamCountry "GER"]
[BlackTeamCountry "SUI"]

1. e4 e6 2. d4 d5 3. Nd2 c5 4. exd5 Qxd5 5. Ngf3 cxd4 6. Bc4 Qd6 7. O-O Nf6 8.
Nb3 Nc6 9. Nbxd4 Nxd4 10. Nxd4 Bd7 11. b3 O-O-O 12. Bb2 Qf4 13. Qe2 Bd6 14. g3
Qg4 15. Qxg4 Nxg4 16. Rad1 Be5 17. h3 Nf6 18. Rfe1 Bb8 19. Nf3 h6 20. Ne5 Bxe5
21. Bxe5 Bc6 22. a4 Rhg8 23. Be2 a6 24. Rxd8+ Rxd8 25. Rd1 Ne8 26. f3 f6 27.
Rxd8+ Kxd8 28. Bb2 Kd7 29. Kf2 e5 30. Ke3 Nd6 31. Bd3 Ke6 32. c4 Nf5+ 1/2-1/2

[Event "Mitropa Cup 33rd"]
[Site "Ruzomberok"]
[Date "2014.05.25"]
[Round "3.4"]
[White "Jurcik, Marian"]
[Black "Svane, Rasmus"]
[Result "1/2-1/2"]
[WhiteElo "2469"]
[BlackElo "2490"]
[PlyCount "74"]
[EventDate "2014.05.23"]
[EventType "team-tourn"]
[EventRounds "9"]
[EventCountry "SVK"]
[Source "ChessBase"]
[SourceDate "2014.07.01"]
[WhiteTeam "Slovakia"]
[BlackTeam "Germany"]
[WhiteTeamCountry "SVK"]
[BlackTeamCountry "GER"]

1. e4 c5 2. Nf3 d6 3. d4 cxd4 4. Nxd4 Nf6 5. Nc3 g6 6. Bc4 Bg7 7. O-O O-O 8.
Re1 Nc6 9. Bb3 Bg4 10. Qd3 Nxd4 11. Qxd4 Nd7 12. Qd3 Nc5 13. Qg3 Be6 14. Qh4
Re8 15. Bh6 Bh8 16. Rad1 Nxb3 17. axb3 Qc7 18. Bg5 a6 19. Rd3 b5 20. g4 f6 21.
Bc1 g5 22. Qg3 b4 23. Nd5 Qxc2 24. Nxb4 Qc5 25. Nd5 Rac8 26. Rc3 Qa7 27. h3 Qb7
28. Qd3 Bg7 29. Bd2 Bf8 30. Rec1 Rxc3 31. Rxc3 Rc8 32. Rxc8 Qxc8 33. Bc3 h5 34.
f3 Qc5+ 35. Kg2 hxg4 36. hxg4 Qb5 37. Qc4 Kf7 1/2-1/2

[Event "Mitropa Cup 33rd"]
[Site "Ruzomberok"]
[Date "2014.05.23"]
[Round "1.3"]
[White "Heimann, Andreas"]
[Black "Diermair, Andreas"]
[Result "1/2-1/2"]
[WhiteElo "2524"]
[BlackElo "2451"]
[PlyCount "85"]
[EventDate "2014.05.23"]
[EventType "team-tourn"]
[EventRounds "9"]
[EventCountry "SVK"]
[Source "ChessBase"]
[SourceDate "2014.07.01"]
[WhiteTeam "Germany"]
[BlackTeam "Austria"]
[WhiteTeamCountry "GER"]
[BlackTeamCountry "AUT"]

1. e4 e5 2. Nf3 Nc6 3. Bb5 a6 4. Bxc6 dxc6 5. O-O Bg4 6. h3 h5 7. d3 Qf6 8. Be3
Bxf3 9. Qxf3 Qxf3 10. gxf3 Ne7 11. Nd2 Ng6 12. Rfd1 f6 13. Kf1 Kf7 14. Ke2 Bd6
15. Nc4 c5 16. c3 Rhd8 17. a3 a5 18. a4 b6 19. Rac1 Be7 20. Nd2 Rd7 21. Nb3
Rad8 22. d4 cxd4 23. cxd4 exd4 24. Nxd4 Ne5 25. f4 c5 26. Nb5 Nd3 27. Rb1 c4
28. Nc3 Bc5 29. b3 Bxe3 30. fxe3 cxb3 31. Rxb3 Nb4 32. Rxd7+ Rxd7 33. Nd5 Nxd5
34. exd5 Rxd5 35. Rxb6 f5 36. Rb7+ Kf6 37. Rb6+ Kf7 38. Kf3 h4 39. Ra6 g6 40.
Ra7+ Kf6 41. Ra6+ Kf7 42. Ra7+ Kf6 43. Ra6+ 1/2-1/2

[Event "Mitropa Cup 33rd"]
[Site "Ruzomberok"]
[Date "2014.05.30"]
[Round "8.1"]
[White "Duda, Jan Krzysztof"]
[Black "Loetscher, Roland"]
[Result "1-0"]
[WhiteElo "2587"]
[BlackElo "2418"]
[PlyCount "83"]
[EventDate "2014.05.23"]
[EventType "team-tourn"]
[EventRounds "9"]
[EventCountry "SVK"]
[Source "ChessBase"]
[SourceDate "2014.07.01"]
[WhiteTeam "Poland"]
[BlackTeam "Switzerland"]
[WhiteTeamCountry "POL"]
[BlackTeamCountry "SUI"]

1. e4 c5 2. Nf3 g6 3. d4 cxd4 4. Nxd4 Nc6 5. c4 Nf6 6. Nc3 d6 7. Nc2 Bg7 8. Be2
O-O 9. O-O Nd7 10. Bd2 b6 11. Re1 Bb7 12. Bf1 Rc8 13. Rc1 a6 14. f3 Re8 15. Kh1
Rb8 16. Be3 Bxc3 17. bxc3 Rc8 18. Rb1 Nce5 19. Na3 f6 20. Re2 Rc6 21. Reb2 Qc7
22. Be2 Kg7 23. Qg1 Rb8 24. Nc2 Rxc4 25. Nd4 Kg8 26. Bxc4+ Nxc4 27. Re2 e5 28.
Nc2 d5 29. exd5 Bxd5 30. Rd1 Be6 31. Bc1 b5 32. Ne3 Ndb6 33. Nxc4 Nxc4 34. h3
Kf7 35. f4 Re8 36. Qf2 Kg8 37. fxe5 fxe5 38. Bh6 Qe7 39. Qg3 Bf5 40. Rf2 Qe6
41. Qg5 Bxh3 42. Rd8 1-0

[Event "Mitropa Cup 33rd"]
[Site "Ruzomberok"]
[Date "2014.05.27"]
[Round "5.1"]
[White "Kreisl, Robert"]
[Black "Duda, Jan Krzysztof"]
[Result "1/2-1/2"]
[WhiteElo "2415"]
[BlackElo "2587"]
[PlyCount "82"]
[EventDate "2014.05.23"]
[EventType "team-tourn"]
[EventRounds "9"]
[EventCountry "SVK"]
[Source "ChessBase"]
[SourceDate "2014.07.01"]
[WhiteTeam "Austria"]
[BlackTeam "Poland"]
[WhiteTeamCountry "AUT"]
[BlackTeamCountry "POL"]

1. d4 Nf6 2. c4 e6 3. Nf3 d5 4. Nc3 c6 5. e3 Nbd7 6. Qc2 Bd6 7. Bd3 O-O 8. O-O
dxc4 9. Bxc4 b5 10. Be2 Bb7 11. e4 e5 12. dxe5 Nxe5 13. Nd4 Neg4 14. g3 Bc5 15.
Nf5 Qb6 16. Bxg4 Nxg4 17. b4 Bd4 18. h3 Nf6 19. Bb2 c5 20. Rad1 Qe6 21. bxc5
Bxc3 22. Qxc3 Qxe4 23. c6 Bxc6 24. Qxc6 Qxf5 25. Bxf6 Qxf6 26. Qxb5 Qe6 27. Qd7
Qxa2 28. Ra1 Qe6 29. Qxe6 fxe6 30. Ra6 Rf6 31. Rfa1 Raf8 32. R1a2 R8f7 33. f4
Rg6 34. Kh2 h5 35. h4 Kh7 36. Rxa7 Rxa7 37. Rxa7 e5 38. Ra5 exf4 39. Rxh5+ Kg8
40. gxf4 Rg4 41. f5 g6 1/2-1/2

[Event "Mitropa Cup 33rd"]
[Site "Ruzomberok"]
[Date "2014.05.23"]
[Round "1.4"]
[White "Krejci, Jan1"]
[Black "Brunner, Nicolas"]
[Result "1/2-1/2"]
[WhiteElo "2525"]
[BlackElo "2441"]
[PlyCount "134"]
[EventDate "2014.05.23"]
[EventType "team-tourn"]
[EventRounds "9"]
[EventCountry "SVK"]
[Source "ChessBase"]
[SourceDate "2014.07.01"]
[WhiteTeam "Czech Republic"]
[BlackTeam "France"]
[WhiteTeamCountry "CZE"]
[BlackTeamCountry "FRA"]

1. d4 d5 2. c4 c6 3. Nf3 Nf6 4. e3 Bf5 5. Nc3 e6 6. Nh4 Bg6 7. Be2 Nbd7 8. O-O
Be7 9. Nxg6 hxg6 10. h3 O-O 11. b3 a6 12. Qc2 b5 13. Bb2 Rc8 14. Rad1 Qc7 15.
a3 Qb8 16. c5 e5 17. dxe5 Nxe5 18. f4 Ned7 19. b4 Rfe8 20. Bd3 Qc7 21. g3 a5
22. Kg2 Ra8 23. Rfe1 Nf8 24. Qb3 axb4 25. axb4 Ne6 26. Bb1 g5 27. Qc2 gxf4 28.
exf4 Nf8 29. Qf5 Qd7 30. Qd3 Bd8 31. Rxe8 Nxe8 32. g4 Qc7 33. Rf1 Ng6 34. Qe3
Qe7 35. Qxe7 Bxe7 36. g5 Nc7 37. Kg3 d4 38. Ne2 Nd5 39. Nxd4 Nxb4 40. Rc1 Bf8
41. h4 Ne7 42. h5 Ned5 43. Nf5 Na2 44. Rc2 b4 45. Rh2 Nac3 46. Bd3 Bxc5 47. Bc4
Re8 48. g6 fxg6 49. hxg6 Re6 50. Rc2 Rxg6+ 51. Kf3 Rf6 52. Bxc3 bxc3 53. Bxd5+
cxd5 54. Rxc3 Bf8 55. Kg4 g6 56. Nd4 Bd6 57. f5 Be5 58. Rc8+ Kf7 59. fxg6+
Rxg6+ 60. Kf5 Bd6 61. Ra8 Rf6+ 62. Kg5 Be7 63. Kg4 Rg6+ 64. Kf5 Rh6 65. Ra7
Rh5+ 66. Kf4 Rh4+ 67. Ke5 Re4+ 1/2-1/2

[Event "Mitropa Cup 33rd"]
[Site "Ruzomberok"]
[Date "2014.05.23"]
[Round "1.2"]
[White "Loetscher, Roland"]
[Black "Acs, Peter"]
[Result "0-1"]
[WhiteElo "2418"]
[BlackElo "2572"]
[PlyCount "60"]
[EventDate "2014.05.23"]
[EventType "team-tourn"]
[EventRounds "9"]
[EventCountry "SVK"]
[Source "ChessBase"]
[SourceDate "2014.07.01"]
[WhiteTeam "Switzerland"]
[BlackTeam "Hungary"]
[WhiteTeamCountry "SUI"]
[BlackTeamCountry "HUN"]

1. d4 Nf6 2. c4 e6 3. g3 Bb4+ 4. Nd2 d5 5. Bg2 O-O 6. Ngf3 c6 7. O-O Nbd7 8.
Qc2 b6 9. Qa4 c5 10. cxd5 exd5 11. a3 Bxd2 12. Bxd2 Re8 13. Rfe1 c4 14. b3 b5
15. Qxb5 Rb8 16. Qa4 Nb6 17. Qb4 Nbd7 18. Qa4 Rxb3 19. Qxa7 Ne4 20. Qa5 Nb6 21.
Rab1 Bf5 22. Rxb3 cxb3 23. Qb4 Nc4 24. Bc1 Qb8 25. Nh4 Qxb4 26. axb4 Bd7 27.
Bxe4 Rxe4 28. Be3 b2 29. Ng2 Re8 30. Nf4 Ra8 0-1